| 000 | 00592nam a2200181 a 4500 | ||
|---|---|---|---|
| 005 | 20220825113152.0 | ||
| 008 | 991125s1948 mx 000 0 spa u | ||
| 035 | _aUPN01000020328 | ||
| 049 | _aCG | ||
| 050 | 4 |
_aPQ7297 R386 _bE5 |
|
| 100 | 1 |
_aReyes, Alfonso, _d1889-1959 |
|
| 245 | 1 | 0 |
_aEntre libros, 1912-1923 / _cAlfonso Reyes. |
| 260 |
_aMéxico : _bEl Colegio de México, _c1948. |
||
| 300 | _a230 p. | ||
| 440 | 3 |
_aEl Colegio de México. _pCentro de Estudios Literarios. _pPublicación ; _v8 |
|
| 600 | 1 | 7 |
_aReyes, Alfonso, _d1889-1959 _xCrítica e interpretación _2 _923778 |
| 905 | _aLibro | ||
| 999 |
_c20328 _d20328 |
||